000 00729nam a2200265Ia 4500
005 20260121172954.0
008 008 260114s9999 xx 000 0 eng d
020 _a9783030722760
037 _aEBOOK
040 _aCRL
040 _beng
040 _cCRL
041 _2eng
041 _aeng
084 _qCRL
100 _aMichael Patrick Cullinane, Martin Farr
_91095044
245 4 _aThe Palgrave Handbook of Presidents and Prime Ministers From Cleveland and Salisbury to Trump and Johnson
260 _bSpringer
260 _bSpringer
260 _c2022
856 _uhttps://link.springer.com/openurl?genre=book&isbn=978-3-030-72276-0
942 _cEBOOK
999 _c1660786
_d1660786